| 000 | 00439nam a2200169 4500 | ||
|---|---|---|---|
| 003 | SEACOMMC | ||
| 005 | 20250426131743.0 | ||
| 008 | 241213b |||||||| |||| 00| 0 eng d | ||
| 020 |
_a978-81-8052-236-9 _cRs.250.00 |
||
| 040 | _aSEACOMMC | ||
| 082 |
_a428.2 _bB 575 |
||
| 100 | _a Bhatia, R.C | ||
| 245 | 1 |
_aBusiness Communication _c R.C Bhatia |
|
| 260 |
_aKolkata _b Ane Books _c 2006 |
||
| 650 | _a Business communication | ||
| 942 | _cBOOK | ||
| 999 |
_c865 _d865 |
||